<?xml version="1.0" encoding="UTF-8"?>
<record
    xmlns:xsi="http://www.w3.org/2001/XMLSchema-instance"
    xsi:schemaLocation="http://www.loc.gov/MARC21/slim http://www.loc.gov/standards/marcxml/schema/MARC21slim.xsd"
    xmlns="http://www.loc.gov/MARC21/slim">

  <leader>00709cam a2200241 i 4500</leader>
  <datafield tag="999" ind1=" " ind2=" ">
    <subfield code="c">124646</subfield>
    <subfield code="d">124646</subfield>
  </datafield>
  <controlfield tag="001">20522832</controlfield>
  <controlfield tag="005">20211111105746.0</controlfield>
  <controlfield tag="008">180531s2020    nyuab         001 0 eng  </controlfield>
  <datafield tag="020" ind1=" " ind2=" ">
    <subfield code="a">9781260570021</subfield>
  </datafield>
  <datafield tag="040" ind1=" " ind2=" ">
    <subfield code="c">PK-LaUMT</subfield>
  </datafield>
  <datafield tag="082" ind1="0" ind2="0">
    <subfield code="a">579</subfield>
    <subfield code="2">23</subfield>
    <subfield code="b">WIL-P</subfield>
  </datafield>
  <datafield tag="100" ind1="1" ind2=" ">
    <subfield code="a">Willey, Joanne M.</subfield>
  </datafield>
  <datafield tag="245" ind1="1" ind2="0">
    <subfield code="a">Prescott's microbiology /</subfield>
    <subfield code="c">by Joanne M. Willey, Kathleen M. Sandman, and Dorothy H. Wood</subfield>
  </datafield>
  <datafield tag="250" ind1=" " ind2=" ">
    <subfield code="a">11th ed.</subfield>
  </datafield>
  <datafield tag="260" ind1=" " ind2=" ">
    <subfield code="a">New York :</subfield>
    <subfield code="b">McGraw-Hill Education,</subfield>
    <subfield code="c">2020</subfield>
  </datafield>
  <datafield tag="300" ind1=" " ind2=" ">
    <subfield code="a">xxiii, 976 p. :</subfield>
    <subfield code="b">color illustrations, color map ;</subfield>
    <subfield code="c">28 cm</subfield>
  </datafield>
  <datafield tag="500" ind1=" " ind2=" ">
    <subfield code="a">Includes index.</subfield>
  </datafield>
  <datafield tag="650" ind1=" " ind2="0">
    <subfield code="a">Microbiology</subfield>
  </datafield>
  <datafield tag="650" ind1=" " ind2="0">
    <subfield code="a">Metabolism</subfield>
  </datafield>
  <datafield tag="650" ind1=" " ind2="0">
    <subfield code="a">Genetics</subfield>
  </datafield>
  <datafield tag="650" ind1=" " ind2="0">
    <subfield code="a">Applied microbiology</subfield>
  </datafield>
  <datafield tag="942" ind1=" " ind2=" ">
    <subfield code="c">BK</subfield>
  </datafield>
  <datafield tag="952" ind1=" " ind2=" ">
    <subfield code="0">0</subfield>
    <subfield code="1">0</subfield>
    <subfield code="4">0</subfield>
    <subfield code="7">0</subfield>
    <subfield code="a">HSC</subfield>
    <subfield code="b">HSC</subfield>
    <subfield code="d">2021-11-11</subfield>
    <subfield code="l">16</subfield>
    <subfield code="m">1</subfield>
    <subfield code="o">579 WIL-P</subfield>
    <subfield code="p">139443</subfield>
    <subfield code="r">2026-07-03 10:34:15</subfield>
    <subfield code="s">2026-06-22</subfield>
    <subfield code="w">2021-11-11</subfield>
    <subfield code="y">BK</subfield>
  </datafield>
  <datafield tag="952" ind1=" " ind2=" ">
    <subfield code="0">0</subfield>
    <subfield code="1">0</subfield>
    <subfield code="4">0</subfield>
    <subfield code="7">0</subfield>
    <subfield code="a">HSC</subfield>
    <subfield code="b">HSC</subfield>
    <subfield code="d">2021-11-11</subfield>
    <subfield code="l">17</subfield>
    <subfield code="m">1</subfield>
    <subfield code="o">579 WIL-P</subfield>
    <subfield code="p">139444</subfield>
    <subfield code="q">2025-12-05</subfield>
    <subfield code="r">2025-11-21 10:13:26</subfield>
    <subfield code="s">2025-11-21</subfield>
    <subfield code="t">C.2</subfield>
    <subfield code="w">2021-11-11</subfield>
    <subfield code="y">BK</subfield>
  </datafield>
  <datafield tag="952" ind1=" " ind2=" ">
    <subfield code="0">0</subfield>
    <subfield code="1">0</subfield>
    <subfield code="4">0</subfield>
    <subfield code="7">0</subfield>
    <subfield code="a">HSC</subfield>
    <subfield code="b">HSC</subfield>
    <subfield code="d">2021-11-11</subfield>
    <subfield code="l">22</subfield>
    <subfield code="m">1</subfield>
    <subfield code="o">579 WIL-P</subfield>
    <subfield code="p">139445</subfield>
    <subfield code="r">2026-07-03 10:33:35</subfield>
    <subfield code="s">2026-06-16</subfield>
    <subfield code="t">C.3</subfield>
    <subfield code="w">2021-11-11</subfield>
    <subfield code="y">BK</subfield>
  </datafield>
  <datafield tag="952" ind1=" " ind2=" ">
    <subfield code="0">0</subfield>
    <subfield code="1">0</subfield>
    <subfield code="4">0</subfield>
    <subfield code="7">0</subfield>
    <subfield code="a">HSC</subfield>
    <subfield code="b">HSC</subfield>
    <subfield code="d">2021-11-13</subfield>
    <subfield code="l">10</subfield>
    <subfield code="o">579 WIL-P</subfield>
    <subfield code="p">139312</subfield>
    <subfield code="r">2025-03-13 08:28:47</subfield>
    <subfield code="s">2025-02-03</subfield>
    <subfield code="t">C.4</subfield>
    <subfield code="w">2021-11-13</subfield>
    <subfield code="y">BK</subfield>
  </datafield>
  <datafield tag="952" ind1=" " ind2=" ">
    <subfield code="0">0</subfield>
    <subfield code="1">0</subfield>
    <subfield code="4">0</subfield>
    <subfield code="7">0</subfield>
    <subfield code="a">HSC</subfield>
    <subfield code="b">HSC</subfield>
    <subfield code="d">2021-12-03</subfield>
    <subfield code="l">10</subfield>
    <subfield code="o">579 WIL-P</subfield>
    <subfield code="p">140030</subfield>
    <subfield code="q">2026-07-06</subfield>
    <subfield code="r">2026-06-22 15:21:41</subfield>
    <subfield code="s">2026-06-22</subfield>
    <subfield code="t">C.5</subfield>
    <subfield code="w">2021-12-03</subfield>
    <subfield code="y">BK</subfield>
  </datafield>
  <datafield tag="952" ind1=" " ind2=" ">
    <subfield code="0">0</subfield>
    <subfield code="1">0</subfield>
    <subfield code="4">0</subfield>
    <subfield code="7">0</subfield>
    <subfield code="a">HSC</subfield>
    <subfield code="b">HSC</subfield>
    <subfield code="d">2021-12-03</subfield>
    <subfield code="l">8</subfield>
    <subfield code="o">579 WIL-P</subfield>
    <subfield code="p">140031</subfield>
    <subfield code="q">2024-11-05</subfield>
    <subfield code="r">2024-10-22 13:10:10</subfield>
    <subfield code="s">2024-10-22</subfield>
    <subfield code="t">C.6</subfield>
    <subfield code="w">2021-12-03</subfield>
    <subfield code="y">BK</subfield>
  </datafield>
  <datafield tag="952" ind1=" " ind2=" ">
    <subfield code="0">0</subfield>
    <subfield code="1">0</subfield>
    <subfield code="4">0</subfield>
    <subfield code="7">0</subfield>
    <subfield code="a">HSC</subfield>
    <subfield code="b">HSC</subfield>
    <subfield code="d">2021-12-03</subfield>
    <subfield code="l">37</subfield>
    <subfield code="m">2</subfield>
    <subfield code="o">579 WIL-P</subfield>
    <subfield code="p">140032</subfield>
    <subfield code="q">2026-07-06</subfield>
    <subfield code="r">2026-06-22 15:20:47</subfield>
    <subfield code="s">2026-06-22</subfield>
    <subfield code="t">C.7</subfield>
    <subfield code="w">2021-12-03</subfield>
    <subfield code="y">BK</subfield>
  </datafield>
  <datafield tag="952" ind1=" " ind2=" ">
    <subfield code="0">0</subfield>
    <subfield code="1">0</subfield>
    <subfield code="4">0</subfield>
    <subfield code="7">0</subfield>
    <subfield code="a">HSC</subfield>
    <subfield code="b">HSC</subfield>
    <subfield code="d">2021-12-03</subfield>
    <subfield code="l">1</subfield>
    <subfield code="o">579 WIL-P</subfield>
    <subfield code="p">140033</subfield>
    <subfield code="r">2023-01-09 00:00:00</subfield>
    <subfield code="s">2023-01-05</subfield>
    <subfield code="t">C.8</subfield>
    <subfield code="w">2021-12-03</subfield>
    <subfield code="y">T</subfield>
    <subfield code="z">Not for Loan</subfield>
  </datafield>
  <datafield tag="952" ind1=" " ind2=" ">
    <subfield code="0">0</subfield>
    <subfield code="1">0</subfield>
    <subfield code="4">0</subfield>
    <subfield code="7">0</subfield>
    <subfield code="a">HSC</subfield>
    <subfield code="b">HSC</subfield>
    <subfield code="d">2021-12-03</subfield>
    <subfield code="l">25</subfield>
    <subfield code="m">2</subfield>
    <subfield code="o">579 WIL-P</subfield>
    <subfield code="p">140034</subfield>
    <subfield code="q">2026-07-06</subfield>
    <subfield code="r">2026-06-22 15:05:17</subfield>
    <subfield code="s">2026-06-22</subfield>
    <subfield code="t">C.9</subfield>
    <subfield code="w">2021-12-03</subfield>
    <subfield code="y">BK</subfield>
  </datafield>
  <datafield tag="952" ind1=" " ind2=" ">
    <subfield code="0">0</subfield>
    <subfield code="1">0</subfield>
    <subfield code="4">0</subfield>
    <subfield code="7">0</subfield>
    <subfield code="a">HSC</subfield>
    <subfield code="b">HSC</subfield>
    <subfield code="d">2022-01-29</subfield>
    <subfield code="l">5</subfield>
    <subfield code="o">579 WIL-P</subfield>
    <subfield code="p">141152</subfield>
    <subfield code="q">2026-07-06</subfield>
    <subfield code="r">2026-06-22 15:44:40</subfield>
    <subfield code="s">2026-06-22</subfield>
    <subfield code="t">C.10</subfield>
    <subfield code="w">2022-01-29</subfield>
    <subfield code="y">BK</subfield>
  </datafield>
</record>
